Загрузка...

Introduction to partial differential equations.-2nded.

Библиографические подробности
Главный автор: Folland, G. B.
Формат: Printed Book
Язык:English
Опубликовано: New Delhi. : Princeton University Press, c2003.
Редактирование:2nd ed.
Предметы:
LEADER 00628pam a2200169 a 4500
008 950615s1995 njua b 001 0 eng
020 |a 0691043612 (cl : alk. paper) 
080 |a 517.95  |b FOL 
100 1 |a Folland, G. B.  |9 2021 
245 1 0 |a Introduction to partial differential equations.-2nded.  |c Gerald B. Folland. 
250 |a 2nd ed. 
260 |a New Delhi. :  |b Princeton University Press,  |c c2003. 
300 |a xi, 324 p. :  |b ill. ; 
653 |a Partial differential equations 
942 |c BK  |6 _ 
999 |c 217449  |d 217449 
952 |0 0  |1 0  |4 0  |6 51795_FOL  |7 0  |9 281726  |a MAT  |b MAT  |d 2009-11-26  |o 517.95 FOL  |p MAT06474  |r 2009-11-26  |t 1  |w 2009-11-26  |y BK